[Event "Women's Speed Chess Q1"]
[Site "chess.com INT"]
[Date "2021.05.28"]
[Round "6"]
[White "Varshini, V"]
[Black "Sedina, Elena"]
[Result "1/2-1/2"]
[WhiteTitle "WGM"]
[BlackTitle "IM"]
[WhiteElo "2226"]
[BlackElo "2291"]
[WhiteFideId "5091241"]
[BlackFideId "812153"]
[EventDate "2021.05.28"]

1. e4 e6 2. d4 d5 3. e5 c5 4. c3 Nc6 5. Nf3 Qb6 6. a3 Bd7 7. b4 cxd4 8. cxd4 Rc8
9. Be2 Nge7 10. O-O Nf5 11. Bb2 Be7 12. Qd3 h5 13. Nbd2 g5 14. Nb3 g4 15. Nfd2
Qd8 16. Rac1 Bg5 17. Nc5 b6 18. Nxd7 Qxd7 19. Rc2 O-O 20. Nb3 Nce7 21. Rxc8 Rxc8
22. f3 Be3+ 23. Kh1 g3 24. Bc1 Bxc1 25. Rxc1 Rxc1+ 26. Nxc1 Ng6 27. Qd2 Qc6 28.
Nb3 h4 29. Bd3 Qa4 30. Bxf5 Qxb3 31. Bxg6 fxg6 32. hxg3 hxg3 33. Qe1 Qxa3 34.
Qxg3 Kg7 35. Qf4 Qxb4 36. Qf6+ Kh7 37. Qf7+ Kh6 38. Qf4+ Kg7 39. Qf6+ Kh7 1/2-1/2

[Event "Women's Speed Chess Q1"]
[Site "chess.com INT"]
[Date "2021.05.28"]
[Round "6"]
[White "Nguyen, Hong Anh"]
[Black "Gevorgyan, Maria"]
[Result "1-0"]
[WhiteTitle "WIM"]
[BlackTitle "WGM"]
[WhiteElo "1993"]
[BlackElo "2219"]
[WhiteFideId "12406732"]
[BlackFideId "13300270"]
[EventDate "2021.05.28"]

1. d4 Nf6 2. c4 c5 3. Nf3 cxd4 4. Nxd4 g6 5. g3 Bg7 6. Bg2 O-O 7. O-O Nc6 8. e3
Ne5 9. b3 d5 10. cxd5 Nxd5 11. Bb2 Nb4 12. Nc3 Qa5 13. Ne4 f5 14. Ng5 Nbd3 15.
Bc1 Nxc1 16. Qxc1 Bf6 17. Nge6 Re8 18. Nc7 Bd7 19. Nxa8 Rxa8 20. Bxb7 Rb8 21.
Bg2 Rc8 22. Qd1 Kg7 23. a3 g5 24. b4 Qb6 25. Rc1 Rd8 26. Qc2 e6 27. Qc7 Kg6 28.
Rfd1 Qa6 29. b5 Qxa3 30. Nc6 Bxc6 31. bxc6 Nd3 32. Rb1 Qa2 33. Rf1 Nxf2 34. Rb7
Kh5 35. Qxh7+ Kg4 36. Rxf2 Rd1+ 37. Bf1 Rxf1+ 38. Kxf1 Qd5 39. Qd7 Qc4+ 40. Kg1
Qc1+ 41. Kg2 Qxe3 42. h3+ Kh5 43. Qh7# 1-0

[Event "Women's Speed Chess Q1"]
[Site "chess.com INT"]
[Date "2021.05.28"]
[Round "6"]
[White "Makhija, Aashna"]
[Black "Linares Napoles, Oleiny"]
[Result "0-1"]
[WhiteTitle "WIM"]
[BlackTitle "WGM"]
[WhiteElo "1969"]
[BlackElo "2255"]
[WhiteFideId "25011944"]
[BlackFideId "3504794"]
[EventDate "2021.05.28"]

1. e4 d6 2. d4 g6 3. Nc3 Bg7 4. Be3 a6 5. g4 b5 6. Bg2 Bb7 7. h4 h6 8. Nce2 Nd7
9. Ng3 c5 10. c3 Rc8 11. Qd2 Ngf6 12. g5 hxg5 13. hxg5 Rxh1 14. Bxh1 Ng4 15. d5
Nxe3 16. Qxe3 b4 17. N1e2 Ne5 18. b3 bxc3 19. Nxc3 Qa5 20. Ne2 c4 21. b4 Qa3 22.
Rb1 Nd3+ 23. Kd2 Nxb4 24. Qb6 Bxc3+ 25. Nxc3 Nxa2 26. Nxa2 c3+ 27. Nxc3 Qxc3+
28. Ke2 Rc7 29. Kf1 a5 30. Kg2 Qc5 31. Qb3 Bc8 32. Qa4+ Kd8 33. Rb5 Qc4 34. Qxa5
Qxe4+ 35. Kh2 Qh4+ 36. Kg2 Qxg5+ 37. Kh2 Qh4+ 38. Kg2 Bh3+ 39. Kg1 Qg5+ 40. Kh2
Bc8 0-1

[Event "Women's Speed Chess Q1"]
[Site "chess.com INT"]
[Date "2021.05.28"]
[Round "6"]
[White "Vargas, Gabriela"]
[Black "Franco Valencia, Angela"]
[Result "0-1"]
[WhiteTitle "WIM"]
[BlackTitle "WIM"]
[WhiteElo "2170"]
[BlackElo "2089"]
[WhiteFideId "3700860"]
[BlackFideId "4403070"]
[EventDate "2021.05.28"]

1. d4 Nf6 2. Nf3 c5 3. d5 e6 4. Nc3 d6 5. e4 e5 6. Be2 Be7 7. Nd2 O-O 8. O-O Ne8
9. f4 exf4 10. Rxf4 Nd7 11. Nc4 Nb8 12. a4 Nd7 13. Rf1 b6 14. Bf4 Ba6 15. Qd2
Bxc4 16. Bxc4 Bf6 17. Bb5 Ne5 18. b3 a6 19. Bc6 Rb8 20. Rad1 Nc7 21. Ne2 b5 22.
axb5 Nxb5 23. Bxb5 axb5 24. Ng3 c4 25. Nh5 Ng6 26. Bh6 Be5 27. Bg5 Qb6+ 28. Kh1
Rbc8 29. Rf5 cxb3 30. cxb3 Rc7 31. Rdf1 Qd4 32. Qe2 Rc3 33. Qg4 Rxb3 34. h4 b4
35. Rxf7 Rxf7 36. Qe6 Bf6 37. Bxf6 gxf6 0-1

[Event "Women's Speed Chess Q1"]
[Site "chess.com INT"]
[Date "2021.05.28"]
[Round "6"]
[White "Gu, Xiaobing"]
[Black "Bulmaga, Irina"]
[Result "1-0"]
[WhiteTitle "WGM"]
[BlackTitle "IM"]
[WhiteElo "2263"]
[BlackElo "2440"]
[WhiteFideId "8602611"]
[BlackFideId "13903063"]
[EventDate "2021.05.28"]

1. e4 c5 2. Nf3 d6 3. d4 cxd4 4. Nxd4 Nf6 5. Nc3 a6 6. Qd3 e5 7. Nf5 h6 8. Qg3
g6 9. Ne3 Bg7 10. Bc4 Nc6 11. Ned5 Nd4 12. Bd3 Be6 13. O-O O-O 14. Nxf6+ Qxf6
15. f4 Rad8 16. f5 gxf5 17. exf5 Bxf5 18. Bxf5 Nxf5 19. Qh3 d5 20. Rxf5 Qe6 21.
Ne2 Rc8 22. c3 d4 23. Bd2 d3 24. Ng3 Qb6+ 25. Rf2 Qxb2 26. Raf1 Qb6 27. Nf5 Rc6
28. Qg3 Rg6 29. Ne7+ Kh7 30. Nxg6 fxg6 31. Be3 Qd6 32. Rxf8 Bxf8 33. Qf2 Bg7 34.
h4 h5 35. Qf3 b5 36. Qe4 Qe6 37. Qxd3 Qxa2 38. Qd7 Qe2 39. Bg5 Kh8 40. Qe8+ Kh7
41. Qf7 a5 42. Bf6 Qe3+ 43. Kh1 Qh6 44. Rd1 a4 45. Bg5 e4 46. Bxh6 Kxh6 47. Rd7 1-0

[Event "Women's Speed Chess Q1"]
[Site "chess.com INT"]
[Date "2021.05.28"]
[Round "6"]
[White "Ramirez, Maria Eugenia"]
[Black "Chaves, Joara"]
[Result "1-0"]
[WhiteTitle "WFM"]
[BlackTitle "WIM"]
[WhiteElo "2057"]
[BlackElo "1901"]
[WhiteFideId "3301680"]
[BlackFideId "2100622"]
[EventDate "2021.05.28"]

1. e4 e5 2. Nf3 Nc6 3. Nc3 Bc5 4. Nxe5 Bxf2+ 5. Kxf2 Nxe5 6. d4 Qf6+ 7. Kg1 Ng6
8. Be2 d6 9. Be3 Bd7 10. Qf1 O-O-O 11. Nd5 Qxf1+ 12. Rxf1 f6 13. h4 Re8 14. Bf3
h5 15. Nf4 N8e7 16. Kf2 Bc6 17. d5 Bb5 18. Re1 Nxf4 19. Bxf4 Ng6 20. Bg3 Ne5 21.
b3 a5 22. c4 Ba6 23. Bxe5 Rxe5 24. Re3 Rhe8 25. Rh3 b5 26. Rc3 bxc4 27. bxc4 a4
28. Rh1 Kd7 29. Rhc1 Rb8 30. R1c2 Rb1 31. c5 dxc5 32. Rxc5 Rb7 33. Ra5 Bb5 34.
Rb2 c6 35. Rxa4 1-0

[Event "Women's Speed Chess Q1"]
[Site "chess.com INT"]
[Date "2021.05.28"]
[Round "6"]
[White "Perez Rodriguez, Jennifer"]
[Black "Szente Varga, Fruzsina"]
[Result "1-0"]
[WhiteTitle "WIM"]
[BlackTitle "WFM"]
[WhiteElo "2251"]
[BlackElo "2100"]
[WhiteFideId "3507831"]
[BlackFideId "712264"]
[EventDate "2021.05.28"]

1. e4 e5 2. Nc3 Nf6 3. f4 d6 4. Nf3 Bg4 5. Bc4 Nc6 6. h3 Bxf3 7. Qxf3 Nd4 8. Qd1
exf4 9. O-O f3 10. gxf3 Nh5 11. f4 Qh4 12. Qg4 Qxg4+ 13. hxg4 Ng3 14. Rf2 h5 15.
g5 Nxc2 16. Rb1 Nd4 17. d3 h4 18. Be3 Ne6 19. f5 Nc5 20. b4 Nd7 21. Nb5 Kd8 22.
Bxf7 Be7 23. Rc1 Ne5 24. Bc4 c6 25. Nd4 b5 26. Nxc6+ Nxc6 27. Bd5 Nxb4 28. Bxa8
Nxd3 29. Rd1 Nxf2 30. Kxf2 Kc7 31. Bd5 a5 32. Rc1+ Kb8 33. Rc6 Rc8 34. Rb6+ Kc7
35. Rc6+ Kd7 36. Rxc8 Kxc8 37. Kf3 Kc7 38. Kg4 Nf1 39. Bd4 Nd2 40. Bxg7 Nf1 41.
f6 Bxf6 42. gxf6 Ne3+ 43. Kxh4 Nxd5 44. exd5 1-0

[Event "Women's Speed Chess Q1"]
[Site "chess.com INT"]
[Date "2021.05.28"]
[Round "6"]
[White "Hoshino, Meilin"]
[Black "Mendoza, Beverly"]
[Result "0-1"]
[WhiteTitle "WCM"]
[BlackTitle "WIM"]
[WhiteElo "1591"]
[BlackElo "1945"]
[WhiteFideId "7001690"]
[BlackFideId "5201250"]
[EventDate "2021.05.28"]

1. d4 Nf6 2. c4 g6 3. Nc3 Bg7 4. e4 d6 5. h3 Nbd7 6. Bg5 c6 7. Qd2 Qc7 8. Bd3 e5
9. d5 Nc5 10. Bc2 a5 11. a4 O-O 12. Nge2 Ra6 13. O-O-O Rb6 14. Bh6 Rb4 15. dxc6
Bxh6 16. Qxh6 bxc6 17. Qg5 Qe7 18. h4 Ne6 19. Qg3 Nh5 20. Qd3 Rd8 21. g4 Nhf4
22. Nxf4 Nxf4 23. Qf1 Bxg4 24. Rd2 Qb7 25. b3 Qe7 26. Rg1 h5 27. Rh1 Ne6 28. f3
Nd4 29. fxg4 Nxc2 30. Kxc2 d5 31. gxh5 dxc4 32. Rxd8+ Qxd8 33. hxg6 cxb3+ 34.
Kb2 Qd2+ 35. Ka3 fxg6 36. Nb1 Qa2# 0-1

[Event "Women's Speed Chess Q1"]
[Site "chess.com INT"]
[Date "2021.05.28"]
[Round "6"]
[White "Starosta, Martyna"]
[Black "Mrudul, Dehankar"]
[Result "0-1"]
[WhiteTitle "WCM"]
[BlackTitle "WIM"]
[WhiteElo "1910"]
[BlackElo "2256"]
[WhiteFideId "21818754"]
[BlackFideId "25096990"]
[EventDate "2021.05.28"]

1. e4 c5 2. Nf3 d6 3. d4 cxd4 4. Nxd4 Nf6 5. Nc3 a6 6. Bg5 Nbd7 7. f4 Qc7 8. Qf3
b5 9. O-O-O Bb7 10. Bd3 Rc8 11. Rhe1 g6 12. Bxf6 Nxf6 13. Nd5 Nxd5 14. exd5 Bg7
15. Qe4 Bf6 16. h4 Bxh4 17. Rh1 Bf6 18. f5 g5 19. Rh6 Bg7 20. Rh5 Bf6 21. Rh6
Kf8 22. Rdh1 Qc5 23. Ne6+ fxe6 24. Qxe6 Qd4 25. Rxh7 Rxh7 26. Rxh7 Qxb2+ 27. Kd1
Qb1+ 28. Ke2 Rxc2+ 29. Bxc2 Qxc2+ 30. Kf1 Qd3+ 31. Kg1 Qxd5 32. Rf7+ Ke8 33. a3
Qxg2# 0-1

[Event "Women's Speed Chess Q1"]
[Site "chess.com INT"]
[Date "2021.05.28"]
[Round "6"]
[White "Tarini, Goyal"]
[Black "Adam, Ernestina"]
[Result "1-0"]
[WhiteTitle "WFM"]
[BlackTitle "WCM"]
[WhiteElo "2164"]
[BlackElo "1354"]
[WhiteFideId "5082749"]
[BlackFideId "165883"]
[EventDate "2021.05.28"]

1. d4 Nf6 2. c4 g6 3. Nc3 Bg7 4. g3 O-O 5. Bg2 d6 6. Nf3 c6 7. O-O Nbd7 8. e4 e5
9. Re1 Qc7 10. h3 exd4 11. Nxd4 Nc5 12. Bf4 a5 13. Nb3 Nxb3 14. Bxd6 Qb6 15.
axb3 Rd8 16. e5 Ne8 17. c5 Qa6 18. Bf1 Qa7 19. Na4 Nxd6 20. exd6 Be6 21. Bc4
Bxc4 22. bxc4 b5 23. cxb6 Qd7 24. c5 Qxh3 25. Qf3 h5 26. Re7 Rf8 27. Qg2 Qg4 28.
Qe4 Qh3 29. Qf4 Rab8 30. Rae1 f6 31. b7 g5 32. Qc4+ Kh8 33. Nb6 h4 34. Qd3 f5
35. Nd7 f4 36. Qg6 Rg8 37. Qh5+ Bh6 38. Qxh6# 1-0

[Event "Women's Speed Chess Q1"]
[Site "chess.com INT"]
[Date "2021.05.28"]
[Round "6"]
[White "Mkrtchian, Lilit"]
[Black "Rakshitta, Ravi"]
[Result "1-0"]
[WhiteTitle "IM"]
[BlackTitle "WIM"]
[WhiteElo "2388"]
[BlackElo "2190"]
[WhiteFideId "13300601"]
[BlackFideId "25073230"]
[EventDate "2021.05.28"]

1. e4 e5 2. Nf3 Nc6 3. Bb5 f5 4. d3 fxe4 5. dxe4 Nf6 6. O-O d6 7. a3 Bg4 8. h3
Bh5 9. Qd3 a6 10. Bc4 h6 11. Nc3 Be7 12. Nh4 Qd7 13. Nf5 Rh7 14. Nd5 Nxd5 15.
exd5 Bg6 16. dxc6 Qxf5 17. cxb7 Rb8 18. Bxa6 Qe6 19. Qe3 Rh8 20. Qa7 Kf7 21. f4
exf4 22. Bxf4 Bf6 23. Rae1 Qd5 24. b3 Qc6 25. Bc4+ d5 26. Qa6 Qc5+ 27. Be3 Qe7
28. Bxd5+ Kf8 29. Bd4 Qd7 30. Bxf6 gxf6 31. Qxf6+ 1-0

[Event "Women's Speed Chess Q1"]
[Site "chess.com INT"]
[Date "2021.05.28"]
[Round "6"]
[White "Tarasova, Viktoriya"]
[Black "Soumya, Swaminathan"]
[Result "0-1"]
[WhiteTitle "WIM"]
[BlackTitle "IM"]
[WhiteElo "2226"]
[BlackElo "2351"]
[WhiteFideId "4175840"]
[BlackFideId "5016193"]
[EventDate "2021.05.28"]

1. d4 Nf6 2. c4 g6 3. Nc3 Bg7 4. e4 d6 5. h3 O-O 6. Be3 e5 7. d5 a5 8. g4 Na6 9.
Be2 Nc5 10. Qc2 Ne8 11. O-O-O b6 12. h4 f5 13. f3 h5 14. gxf5 gxf5 15. Nh3 Nf6
16. Ng5 fxe4 17. fxe4 Bg4 18. Bxc5 bxc5 19. Bxg4 Nxg4 20. Ne6 Qf6 21. Qe2 Bh6+
22. Kb1 Rf7 23. Rdf1 Qg6 24. Rxf7 Qxf7 25. Rg1 Rb8 26. Nb5 Qe7 27. a4 Qxh4 28.
Nexc7 Rf8 29. Nxd6 Rf2 30. Qd1 Qh2 31. Rxg4+ hxg4 32. Qxg4+ Kh7 33. Qd7+ Bg7 34.
Qb5 Rf1+ 35. Ka2 Qc2 36. Nce8 Qb1+ 37. Ka3 Rf3+ 38. Qb3 Qa1# 0-1

[Event "Women's Speed Chess Q1"]
[Site "chess.com INT"]
[Date "2021.05.28"]
[Round "6"]
[White "Mohota, Nisha"]
[Black "Mamedjarova, Turkan"]
[Result "0-1"]
[WhiteTitle "IM"]
[BlackTitle "WGM"]
[WhiteElo "2195"]
[BlackElo "2309"]
[WhiteFideId "5004330"]
[BlackFideId "13402005"]
[EventDate "2021.05.28"]

1. b3 d5 2. Bb2 c5 3. e3 Nc6 4. f4 Nf6 5. Nf3 e6 6. Bb5 Bd6 7. Bxc6+ bxc6 8. Ne5
Bxe5 9. Bxe5 O-O 10. O-O d4 11. Qf3 Ba6 12. Re1 Rc8 13. Bxf6 Qxf6 14. d3 dxe3
15. Na3 Qb2 16. Nc4 Bxc4 17. dxc4 Qxc2 18. Qxe3 Rfd8 19. Qxc5 Rd2 20. Qg5 h6 21.
Qg3 Rcd8 22. h3 Qb2 23. Reb1 Qd4+ 24. Kh2 Qe4 25. Re1 Qf5 26. Re5 Qc2 27. Rae1
Rf2 28. Rg1 Rdd2 29. a4 Rd3 30. Re3 Rdd2 31. Rf3 Rfe2 32. Re3 Rxe3 33. Qxe3 a5
34. Qb6 Qf5 35. Qb8+ Kh7 36. Qc7 Rf2 37. Qxc6 Qxf4+ 38. Kh1 Qg3 39. Qe4+ g6 40.
Qb7 g5 41. Qe4+ Kg7 42. Qd4+ e5 43. Qb6 g4 0-1

[Event "Women's Speed Chess Q1"]
[Site "chess.com INT"]
[Date "2021.05.28"]
[Round "6"]
[White "Arakhamia-Grant, Ketevan"]
[Black "Antolak, Julia"]
[Result "0-1"]
[WhiteTitle "GM"]
[BlackTitle "WIM"]
[WhiteElo "2380"]
[BlackElo "2306"]
[WhiteFideId "13600168"]
[BlackFideId "1159569"]
[EventDate "2021.05.28"]

1. e4 c5 2. Nf3 e6 3. d4 cxd4 4. Nxd4 Nf6 5. Nc3 d6 6. Be2 Be7 7. O-O Nc6 8. Be3
O-O 9. f4 a6 10. Kh1 Nxd4 11. Qxd4 Qc7 12. Bf3 Bd7 13. Rad1 Bc6 14. a4 b5 15. e5
Ne8 16. Ne4 dxe5 17. fxe5 bxa4 18. Nd6 Rd8 19. Bf4 Bxf3 20. Rxf3 Qxc2 21. Rc1
Qe2 22. Re3 Qg4 23. Rg3 Qh4 24. Rh3 Qg4 25. Qe4 g6 26. Rg3 Qh5 27. Rd3 Nxd6 28.
exd6 Bf6 29. d7 Qb5 30. Rcd1 Qxb2 31. Bc7 a3 32. Bxd8 Rxd8 33. h3 a2 0-1

[Event "Women's Speed Chess Q1"]
[Site "chess.com INT"]
[Date "2021.05.28"]
[Round "6"]
[White "Dworakowska, Joanna"]
[Black "Papp, Petra"]
[Result "0-1"]
[WhiteTitle "IM"]
[BlackTitle "WGM"]
[WhiteElo "2322"]
[BlackElo "2336"]
[WhiteFideId "1107445"]
[BlackFideId "739049"]
[EventDate "2021.05.28"]

1. e4 c6 2. Nf3 d5 3. Nc3 dxe4 4. Nxe4 Nf6 5. Nxf6+ exf6 6. h3 Bd6 7. d4 O-O 8.
Bd3 Re8+ 9. Be3 Bf4 10. Qd2 Qe7 11. Ke2 Na6 12. Bxa6 bxa6 13. Rhe1 Bxe3 14. fxe3
Bf5 15. c4 Be4 16. Qc3 Qc7 17. Nd2 Bxg2 18. Rg1 Qh2 19. Kd3 f5 20. Kc2 Rab8 21.
Rae1 Qxh3 22. Re2 Be4+ 23. Kc1 g6 24. Rf2 Re7 25. Nf1 Rbe8 26. Qd2 Qh6 27. Ng3
Kh8 28. Rh2 Qg5 29. Qf2 Qf6 30. Qf4 Re6 31. Kd2 c5 32. Ne2 Rd8 33. Rg3 cxd4 34.
Nxd4 Rxd4+ 35. exd4 Qxd4+ 36. Kc1 Rd6 37. Qf1 Bd3 38. Qh3 Qxc4+ 39. Kd1 Bf1+ 40.
Ke1 Bxh3 41. Rgxh3 Qc1+ 42. Kf2 Rd2+ 43. Kg3 Qg1+ 44. Kf4 Rxh2 0-1

[Event "Women's Speed Chess Q1"]
[Site "chess.com INT"]
[Date "2021.05.28"]
[Round "6"]
[White "Zhai, Mo"]
[Black "Purtseladze, Maka"]
[Result "1-0"]
[WhiteTitle "WGM"]
[BlackTitle "IM"]
[WhiteElo "2366"]
[BlackElo "2274"]
[WhiteFideId "8600201"]
[BlackFideId "13602659"]
[EventDate "2021.05.28"]

1. Nf3 Nf6 2. c4 e6 3. g3 b6 4. Bg2 Bb7 5. O-O c5 6. Nc3 Be7 7. Re1 d5 8. cxd5
Nxd5 9. e4 Nxc3 10. bxc3 O-O 11. d4 Nc6 12. d5 Na5 13. Bf4 exd5 14. exd5 Bd6 15.
Ne5 Qc7 16. Qh5 Rad8 17. Rad1 Rfe8 18. Nd3 c4 19. Bxd6 Qxd6 20. Nf4 Bc8 21. Be4
g6 22. Qg5 Nb7 23. Bc2 Rxe1+ 24. Rxe1 Nc5 25. h4 Nd3 26. Nxd3 cxd3 27. Bxd3 Bh3
28. c4 Kg7 29. h5 b5 30. h6+ Kf8 31. Qh4 Bc8 32. Qd4 f6 33. c5 Qxd5 34. Qxf6+
Kg8 35. Qg7# 1-0

[Event "Women's Speed Chess Q1"]
[Site "chess.com INT"]
[Date "2021.05.28"]
[Round "6"]
[White "Kulkarni, Bhakti"]
[Black "Pham, Le Thao Nguyen"]
[Result "0-1"]
[WhiteTitle "IM"]
[BlackTitle "IM"]
[WhiteElo "2391"]
[BlackElo "2369"]
[WhiteFideId "5019516"]
[BlackFideId "12401226"]
[EventDate "2021.05.28"]

1. d4 d5 2. Nf3 Nf6 3. Bf4 c5 4. e3 Nc6 5. c3 cxd4 6. exd4 Bf5 7. Bd3 Bg6 8. O-O
e6 9. Ne5 Be7 10. Bxg6 hxg6 11. Nd2 Nxe5 12. dxe5 Nd7 13. Nf3 Qb6 14. Qe2 Rc8
15. Nd4 O-O 16. Rfd1 a6 17. Rd3 Rc4 18. Rh3 Rfc8 19. Rd1 a5 20. g4 Qd8 21. Qe3
g5 22. Bg3 Nf8 23. Rh5 a4 24. a3 Ng6 25. f4 gxf4 26. Bxf4 Bc5 27. Bg3 Qb6 28.
Bf2 Qxb2 29. Rh3 Bxd4 30. cxd4 Rc3 31. Rd3 Qb1+ 32. Be1 Rxd3 33. Qxd3 Qxe1+ 34.
Qf1 Qxf1+ 35. Kxf1 Rc4 36. Rd3 Nf4 37. Rd2 b5 38. Rb2 g5 39. Rxb5 Rxd4 40. Ra5
Kg7 0-1

[Event "Women's Speed Chess Q1"]
[Site "chess.com INT"]
[Date "2021.05.28"]
[Round "6"]
[White "Nurmanova, Alua"]
[Black "Kazarian, Anna-Maja"]
[Result "0-1"]
[WhiteTitle "WFM"]
[BlackTitle "FM"]
[WhiteElo "2008"]
[BlackElo "2096"]
[WhiteFideId "13729390"]
[BlackFideId "1033689"]
[EventDate "2021.05.28"]

1. e4 e6 2. d4 d5 3. Nc3 Nf6 4. e5 Nfd7 5. f4 c5 6. Nf3 Nc6 7. Be3 Be7 8. Qd2
O-O 9. dxc5 Bxc5 10. O-O-O Qa5 11. Kb1 Bb4 12. Bd3 f6 13. Nd4 fxe5 14. fxe5 Bxc3
15. bxc3 Ndxe5 16. Rhf1 Bd7 17. Nb3 Qd8 18. Bc5 Rxf1 19. Rxf1 Qh4 20. g3 Qh3 21.
Qf2 g6 22. Qf6 Qh6 23. Bd6 Qg7 24. Qf4 Nxd3 25. cxd3 e5 26. Qg5 Bf5 27. Kc2 e4
28. g4 exd3+ 29. Kd2 Be4 30. Nd4 Nxd4 31. Be5 Ne6 32. Bxg7 Nxg5 33. Bh6 Nf3+ 34.
Ke3 Re8 35. h4 Ne5 36. Kd4 Nxg4 37. Bg5 Ne5 38. Kc5 Nf3 39. Bf6 d2 0-1

[Event "Women's Speed Chess Q1"]
[Site "chess.com INT"]
[Date "2021.05.28"]
[Round "6"]
[White "Zakirova, Aisha"]
[Black "Morris-Suzuki, Sophie"]
[Result "0-1"]
[WhiteTitle "WCM"]
[BlackTitle "WFM"]
[WhiteElo "1585"]
[BlackElo "2043"]
[WhiteFideId "13719734"]
[BlackFideId "30922615"]
[EventDate "2021.05.28"]

1. d4 Nf6 2. c4 g6 3. Nc3 Bg7 4. e4 O-O 5. Nge2 d6 6. Ng3 e5 7. d5 a5 8. Be2 Na6
9. h4 h5 10. Bg5 Nc5 11. Bxh5 Qd7 12. Be2 Nh7 13. Be3 f5 14. exf5 gxf5 15. Nh5
b6 16. Qd2 Rf7 17. Bh6 Bh8 18. O-O-O f4 19. Bf3 Qf5 20. Rdg1 e4 21. g4 Qe5 22.
Bxf4 Rxf4 23. Nxf4 exf3 24. Ng6 Qd4 25. Nxh8 Qxd2+ 26. Kxd2 Kxh8 27. g5 Bf5 28.
h5 Nd3 29. g6 Nf6 30. Rg3 Ne5 31. Rxf3 Nxf3+ 32. Ke3 Ne5 33. f4 Nxc4+ 34. Kf2
Nxb2 35. Rg1 Nd3+ 36. Ke3 Re8+ 37. Kd2 Nxf4 38. Rf1 N6xh5 39. Nb5 Re7 40. Rc1
Nxd5 0-1

[Event "Women's Speed Chess Q1"]
[Site "chess.com INT"]
[Date "2021.05.28"]
[Round "6"]
[White "Fernandez, Maria Florencia"]
[Black "Balabayeva, Xeniya"]
[Result "0-1"]
[WhiteTitle "WIM"]
[BlackTitle "WFM"]
[WhiteElo "2229"]
[BlackElo "2178"]
[WhiteFideId "116459"]
[BlackFideId "13719688"]
[EventDate "2021.05.28"]

1. d4 Nf6 2. c4 e6 3. Nf3 d5 4. Nc3 Bb4 5. Qb3 Nc6 6. e3 O-O 7. a3 Bxc3+ 8. Qxc3
dxc4 9. Bxc4 Ne7 10. O-O b6 11. b4 Bb7 12. Bb2 Rc8 13. Qb3 Bxf3 14. gxf3 Ng6 15.
e4 Nh5 16. Qe3 Nhf4 17. Kh1 Kh8 18. Rg1 f5 19. d5 e5 20. Rg3 Qd6 21. Rag1 Rce8
22. Bb5 Re7 23. Ba4 Qd8 24. Bc2 Nxd5 25. Qg5 fxe4 26. Bxe4 Ndf4 27. Bxg6 Nxg6
28. Rh3 Kg8 29. Qh5 Kf7 30. Qxh7 Re6 31. Rh6 Qd3 32. Rg3 Rh8 33. Qxh8 Nxh8 34.
Rxh8 Qd1+ 35. Rg1 Qxf3+ 36. Rg2 Rd6 0-1

[Event "Women's Speed Chess Q1"]
[Site "chess.com INT"]
[Date "2021.05.28"]
[Round "6"]
[White "Tokhirjonova, Gulrukhbegim"]
[Black "Bodnaruk, Anastasia"]
[Result "1/2-1/2"]
[WhiteTitle "WGM"]
[BlackTitle "IM"]
[WhiteElo "2350"]
[BlackElo "2457"]
[WhiteFideId "14203626"]
[BlackFideId "4181751"]
[EventDate "2021.05.28"]

1. e4 c5 2. Nf3 d6 3. d4 cxd4 4. Nxd4 Nf6 5. Nc3 a6 6. h3 e5 7. Nde2 h5 8. g3
Be6 9. Bg2 b5 10. Be3 Nbd7 11. a4 b4 12. Nd5 Bxd5 13. exd5 a5 14. O-O Be7 15. c3
Rb8 16. Qd2 O-O 17. Rac1 b3 18. Rce1 Nb6 19. Bxb6 Qxb6 20. Kh2 h4 21. g4 Nh7 22.
f4 exf4 23. Qxf4 Bf6 24. Qd2 Be5+ 25. Kh1 Rfe8 26. g5 Nf8 27. Be4 Rb7 28. g6
fxg6 29. Nf4 Bxf4 30. Qxf4 Rbe7 31. Qxh4 Qb7 32. Bf3 Rxe1 33. Rxe1 Rxe1+ 34.
Qxe1 Qd7 35. Kg2 Qxa4 36. Qe7 Qf4 37. Bg4 Qd2+ 38. Qe2 Qxd5+ 39. Bf3 Qf7 40. Qb5
Ne6 41. Qxa5 Nf4+ 42. Kg3 Kh7 43. Qb4 g5 44. Qxd6 Qf5 45. Bg4 Qc2 46. Qc6 Qd3+
47. Bf3 g6 48. Qb7+ Kh6 49. Qa8 Kh7 50. Qb7+ Kh6 51. Qc8 Kh7 52. Qb7+ 1/2-1/2

[Event "Women's Speed Chess Q1"]
[Site "chess.com INT"]
[Date "2021.05.28"]
[Round "6"]
[White "Nguyen, Thi Mai Hung"]
[Black "Arpita, Mukherjee"]
[Result "0-1"]
[WhiteTitle "WGM"]
[BlackTitle "WIM"]
[WhiteElo "2254"]
[BlackElo "2206"]
[WhiteFideId "12401676"]
[BlackFideId "5056403"]
[EventDate "2021.05.28"]

1. d4 Nf6 2. Nf3 g6 3. g3 Bg7 4. Bg2 d6 5. O-O O-O 6. a4 c5 7. dxc5 dxc5 8. Qxd8
Rxd8 9. c3 Nc6 10. Be3 c4 11. a5 Ng4 12. Bc1 a6 13. Nbd2 Nge5 14. Ra4 Be6 15.
Nxe5 Bxe5 16. Nxc4 Bxc4 17. Rxc4 Rac8 18. Ra4 Bc7 19. b4 Be5 20. Ra3 Rd7 21. Be3
e6 22. Rb3 Ne7 23. Bc5 Nd5 24. Rc1 Nf6 25. e4 Ne8 26. f4 Bg7 27. e5 f6 28. exf6
Bxf6 29. Kf1 Kf7 30. Rbb1 Rcc7 31. Ke2 Nd6 32. Bb6 Rc8 33. Bc5 Nc4 34. Rb3 Rd2+
35. Kf1 Rcd8 36. Bf3 Rxh2 37. Bxb7 Nd2+ 0-1

[Event "Women's Speed Chess Q1"]
[Site "chess.com INT"]
[Date "2021.05.28"]
[Round "6"]
[White "Tanishka, Kotia"]
[Black "Grigoryan, Meri"]
[Result "1-0"]
[WhiteTitle "WFM"]
[BlackTitle "WFM"]
[WhiteElo "1849"]
[BlackElo "2044"]
[WhiteFideId "25005600"]
[BlackFideId "13300571"]
[EventDate "2021.05.28"]

1. e4 e5 2. Nf3 Nc6 3. Bb5 f5 4. d3 fxe4 5. dxe4 Nf6 6. Bxc6 dxc6 7. Qxd8+ Kxd8
8. Nxe5 Be6 9. f3 Bd6 10. Nd3 Nd7 11. Be3 Ne5 12. Nd2 b6 13. O-O c5 14. Nf2 Nc4
15. Nxc4 Bxc4 16. Rfd1 Kc8 17. f4 Kb7 18. e5 Be7 19. Rd7 Rae8 20. f5 Bb5 21. Rd2
Rhf8 22. g4 Bh4 23. e6 g6 24. Rd5 Bc6 25. Re5 Bf6 26. Bh6 Bxe5 27. Bxf8 Rxf8 28.
Re1 Bd4 29. c3 Bxf2+ 30. Kxf2 gxf5 31. e7 Re8 32. gxf5 Bd5 33. f6 Kc6 34. Kg3
Kd6 35. Kf4 Be6 36. Kg5 Bf7 37. Kh6 Bg6 38. Kg7 b5 39. f7 Bxf7 40. Kxf7 1-0